[Event "London Classic U1600 op 10th"]
[Site "London"]
[Date "2018.12.15"]
[Round "2"]
[White "Sedykh, Stakhey"]
[Black "Peters, John A"]
[Result "1-0"]
[WhiteElo "1302"]
[BlackElo "2000"]
[PlyCount "69"]
[EventDate "2018.12.14"]
[EventType "swiss"]
[EventRounds "5"]
[EventCountry "ENG"]
[SourceTitle "CBM 187 Extra"]
[Source "ChessBase"]
[SourceDate "2018.11.04"]
[SourceVersion "1"]
[SourceVersionDate "2018.11.04"]
[SourceQuality "1"]

1. e4 d5 2. exd5 Qxd5 3. Nc3 Qe5+ 4. Be2 Bg4 5. d4 Bxe2 6. Ngxe2 Qa5 7. 0-0 e6 8. Bf4 Bd6 9. Re1 Nc6 10. Bxd6 cxd6 11. d5 exd5 12. Nxd5 0-0-0 13. Nec3 Nf6 14. Nxf6 gxf6 15. Nd5 f5 16. Qd3 Rhe8 17. Qxf5+ Kb8 18. Ne3 Qxf5 19. Nxf5 Nb4 20. Rxe8 Rxe8 21. Ne3 Re5 22. a3 Nd5 23. Nxd5 Rxd5 24. Kf1 Kc7 25. Ke2 b5 26. a4 a6 27. axb5 axb5 28. Ra7+ Kb6 29. Rxf7 Rh5 30. h3 Kc5 31. f4 Kd5 32. Ke3 Ke6 33. Rg7 Rc5 34. c3 Rc4 35. Rxh7 1-0

[Event "BCF-chT3 1415 (4NCL)"]
[Site "England"]
[Date "2015.05.04"]
[Round "11.167"]
[White "Amato, Giampiero"]
[Black "Peters, John A"]
[Result "1-0"]
[WhiteElo "1937"]
[BlackElo "1976"]
[PlyCount "73"]
[EventDate "2015.03.21"]
[EventType "team-swiss"]
[EventRounds "11"]
[EventCountry "ENG"]
[SourceTitle "EXT 2016"]
[Source "ChessBase"]
[SourceDate "2015.10.08"]
[SourceVersion "1"]
[SourceVersionDate "2015.10.08"]
[SourceQuality "1"]
[WhiteTeam "BCM Rhinos II"]
[BlackTeam "Iceni"]
[WhiteTeamCountry "ENG"]
[BlackTeamCountry "ENG"]

1. e4 Nf6 2. e5 Nd5 3. Nc3 Nxc3 4. bxc3 d6 5. f4 dxe5 6. fxe5 Qd5 7. d4 c5 8. Nf3 Qe4+ 9. Be2 Bf5 10. Rb1 Nd7 11. 0-0 Qxc2 12. Qxc2 Bxc2 13. Rxb7 Be4 14. Rb5 Bc6 15. Ra5 h6 16. Ba3 e6 17. Rb1 cxd4 18. Bxf8 Rxf8 19. Nxd4 Be4 20. Rb4 Bd5 21. Nb5 Kd8 22. Nxa7 Nxe5 23. Rba4 Rb8 24. c4 Bc6 25. Ra3 Rb1+ 26. Kf2 f6 27. Nxc6+ Nxc6 28. Rb5 Rxb5 29. cxb5 Nb8 30. Ra7 g5 31. a4 f5 32. a5 e5 33. a6 Nd7 34. Rb7 Kc8 35. Bc4 Nc5 36. Rh7 Ne4+ 37. Ke1 1-0

[Event "BCF-chT3 1415 (4NCL)"]
[Site "England"]
[Date "2015.05.02"]
[Round "9.176"]
[White "Peters, John A"]
[Black "Gostelow, David W"]
[Result "0-1"]
[WhiteElo "1976"]
[BlackElo "2040"]
[PlyCount "88"]
[EventDate "2015.03.21"]
[EventType "team-swiss"]
[EventRounds "11"]
[EventCountry "ENG"]
[SourceTitle "EXT 2016"]
[Source "ChessBase"]
[SourceDate "2015.10.08"]
[SourceVersion "1"]
[SourceVersionDate "2015.10.08"]
[SourceQuality "1"]
[WhiteTeam "Iceni"]
[BlackTeam "Shropshire"]
[WhiteTeamCountry "ENG"]
[BlackTeamCountry "ENG"]

1. e4 c5 2. Nf3 Nc6 3. Bb5 g6 4. Bxc6 dxc6 5. d3 Bg7 6. h3 Nf6 7. Nc3 0-0 8. Be3 b6 9. a4 a5 10. Bf4 Nd7 11. Qd2 Re8 12. g4 e5 13. Bg5 f6 14. Bh6 Nf8 15. Bxg7 Kxg7 16. Ne2 Ra7 17. Nh2 Ne6 18. c3 Rd7 19. 0-0-0 Ba6 20. d4 cxd4 21. Ng3 Nc5 22. Qe1 Nd3+ 23. Rxd3 Bxd3 24. g5 dxc3 25. gxf6+ Qxf6 26. Qe3 Qf4 27. bxc3 Qxe3+ 28. fxe3 Rf8 29. Ng4 Re7 30. Rg1 Kh8 31. h4 h5 32. Nh2 Rf2 33. Nhf1 Bxf1 34. Nxf1 Ref7 35. Nd2 Kh7 36. Nc4 Rf1+ 37. Rxf1 Rxf1+ 38. Kd2 Rh1 39. Nxe5 Rxh4 40. Nf3 Rg4 41. e5 Kg7 42. Nd4 h4 43. Ne6+ Kf7 44. Nf4 g5 0-1

[Event "BCF-chT3S 1314 (4NCL)"]
[Site "England"]
[Date "2014.02.16"]
[Round "6.87"]
[White "McEwan, Ken B"]
[Black "Peters, John A"]
[Result "1/2-1/2"]
[WhiteElo "2085"]
[BlackElo "2419"]
[PlyCount "73"]
[EventDate "2013.11.16"]
[EventType "team-swiss"]
[EventRounds "6"]
[EventCountry "ENG"]
[SourceTitle "EXT 2015"]
[Source "ChessBase"]
[SourceDate "2014.11.20"]
[SourceVersion "1"]
[SourceVersionDate "2014.11.20"]
[SourceQuality "1"]
[WhiteTeam "Broadland"]
[BlackTeam "Iceni"]
[WhiteTeamCountry "ENG"]
[BlackTeamCountry "ENG"]

1. d4 Nf6 2. Bf4 e6 3. e3 b6 4. Nf3 Bb7 5. Nbd2 Be7 6. h3 0-0 7. Bd3 c5 8. c3 d5 9. Rc1 c4 10. Bb1 Bd6 11. Ne5 Nc6 12. Bg3 Qc7 13. f4 Ne7 14. 0-0 Ng6 15. Qf3 b5 16. h4 b4 17. h5 Ne7 18. Bh4 bxc3 19. bxc3 Nd7 20. h6 g6 21. Nxd7 Qxd7 22. Bf6 Rfb8 23. Qg4 Nf5 24. Bxf5 exf5 25. Qh4 Re8 26. Rfe1 Qe6 27. Rb1 Bc6 28. Nf3 Be7 29. Bxe7 Rxe7 30. Ne5 f6 31. Nxc6 Qxc6 32. Rb4 Kf7 33. Qf2 Rb7 34. Qb2 Rab8 35. Rxb7+ Qxb7 36. Qa3 Ke6 37. Re2 1/2-1/2